|
|
|
|
| LEADER |
01111nam a2200241 u 4500 |
| 001 |
10027028 |
| 003 |
upatras |
| 005 |
20210217110936.0 |
| 008 |
960115s1973 it eng |
| 952 |
|
|
|0 0
|1 0
|4 0
|6 539_120000000000000_ZIC
|7 0
|9 197419
|a PHYS
|b PHYS
|d 2016-04-24
|i 01608
|l 0
|o 539.12 ZIC
|p 025000023521
|r 2016-04-24 00:00:00
|t 1
|w 2016-04-24
|y BK15
|
| 999 |
|
|
|c 121220
|d 121220
|
| 040 |
|
|
|a GR-PaULI
|c GR-PaULI
|
| 041 |
0 |
|
|a eng
|
| 245 |
1 |
0 |
|a Highlights in particle physics :
|b 1972 International School of Subnuclear Physics a NATO-MPI-MRST Advanced Study Institute Sponsored by the Regional Sicilian Government and Weizmann Institute of Science, Erice, Trapani - Sicily: 7-29 July 1972 /
|c editor A. Zichichi.
|
| 260 |
|
|
|a Bologna :
|b Compositori,
|c 1973.
|
| 300 |
|
|
|a xxiii, 879 p.
|b fig.
|
| 490 |
0 |
|
|a Subnuclear series
|v v.10
|
| 505 |
1 |
|
|a Includes references
|
| 650 |
|
4 |
|a Σωματίδια (Πυρηνική φυσική)
|9 1007
|
| 700 |
1 |
|
|a Zichichi, A.
|9 152817
|
| 760 |
1 |
|
|a Subnuclear series
|g v.10
|
| 852 |
|
|
|a GR-PaULI
|b ΠΑΤΡΑ
|b ΦΥΣΙΚΟ
|k ΑΕΧ-1
|h 539.12 ZIC
|m 01608
|p 025000023521
|t 1
|
| 942 |
|
|
|2 ddc
|c BK15
|